Don't look at me like that (poem) (Record no. 3792)

MARC details
000 -LEADER
fixed length control field 00402nam a22001457a 4500
008 - FIXED-LENGTH DATA ELEMENTS--GENERAL INFORMATION
fixed length control field 250605b |||||||| |||| 00| 0 eng d
020 ## - INTERNATIONAL STANDARD BOOK NUMBER
ISBN 9789784947312
100 ## - MAIN ENTRY--AUTHOR
Author Abu Euginia
245 ## - TITLE STATEMENT
Title Don't look at me like that (poem)
260 ## - PUBLICATION, DISTRIBUTION, ETC. (IMPRINT)
Place of publication Ibadan
Name of publisher Krafts books limited
Date of publication 2009
300 ## - COLLATION
Pagination 114p
650 ## - TRACINGS
Main Subject commercial artists- Fiction
Subdivision (1st) Adultery _ fiction
942 ## - ADDED ENTRY ELEMENTS (KOHA)
Item type Books
050 ## - LIBRARY OF CONGRESS CALL NUMBER
Classification number PR 6051
Item number .A 28
Holdings
Source of classification or shelving scheme Not for loan Permanent location Current location Date acquired Accession No. Full call number Barcode. Koha item type
Library of Congress Classification   Samuel Ogbemudia Main Library, University of Abuja Samuel Ogbemudia Main Library, University of Abuja 06/05/2025 2023/61218 PR 6051.A 28 2025-2386 Books
Library of Congress Classification   Samuel Ogbemudia Main Library, University of Abuja Samuel Ogbemudia Main Library, University of Abuja 06/05/2025 2023/61218 PR 6051.A 28 2025-2387 Books